000 00287nam a2200109Ia 4500
008 230907s9999||||xx |||||||||||||| ||und||
082 _a621.47
_bDUF
100 _aDuffie, John A.
_983600
245 0 _aSolar engineering of thermal processes /
300 _axxvi, 910 pages :
942 _cBK
999 _c598976
_d598976